Регионална библиотека "Любен Каравелов" - Русе

Рапсодия в Тоскана (Запис номер 323378)

MARC детайли
000 -Лидер
Контролно поле с фиксирана дължина 00945aam a2200277 a 4500
003 - Код на организацията, давaща контролен номер
Контролно поле BLK
005 - Дата и час на последна редакция
Контролно поле 20250213170750.0
008 - Елементи от данни с фиксирана дължина
fixed length control field 180723b bul||||| |||| 00| 0 bul d
020 ## - Международен стандартен номер на книга ISBN
Международен стандартен номер на книга ISBN 978-954-28-2644-6
040 ## - Източник на каталожния запис
Идентификатор на билиотеката - собственик на записа BLK
041 ## - Код за език
Код за езика на текст/звукозапис или на отделно заглавие Български
Код за езика КДБФ Български
080 ## - УДК
Текстов определител УДК Американска литература (на САЩ)
УДК код - определител по УДК 821.111(73)
100 ## - Редна дума - Автор
Автор Шел, Адам
Авторска отговорност първи автор
R(LIN) 1299
139 ## - Редно поле
Редна дума Шел, Адам
Авторски знак Шел - Ш 51
245 ## - Сведения за заглавието
Заглавие Рапсодия в Тоскана
Редно поле (дума) Адам Шел, прев. от англ. Стоянка Сербезова-Леви
257 ## - Страна на издаване
Страна на създаване/издаване Съединени американски щати
260 ## - Област на издателските данни
Име на издателя, разпространителя и проч. Сиела
Година на издаване 2018
Място на издаване, разпространение и проч. София
300 ## - Физическа характеристика
Страници 392 с.
Размери/Мащаб 21 см
380 ## - Жанр
Жанр Худож. лит.
700 ## - Други автори (авторска отговорност)
9 (RLIN) 243864
Лично име Сербезова, Стоянка Минчева
Автороска отговорност (Описва отношението между автора и произведението) прев. от англ.
852 ## - Местоположение
Систематично-азбучна сигнатура П 820(73)-31/Ш 51
999 ## - СИСТЕМНИ КОНТРОЛНИ НОМЕРА
Koha biblionumber 323378
Koha biblioitemnumber 323378
942 ## - АРТИКУЛИ
Вид на библиотечния материал Книги
Източник на класификационната схема Universal Decimal Classification
Скрит в OPAC Не
Koha issues (borrowed), all copies 38
999 ## - СИСТЕМНИ КОНТРОЛНИ НОМЕРА
Koha biblioitemnumber 323378
999 ## - СИСТЕМНИ КОНТРОЛНИ НОМЕРА
Koha biblioitemnumber 323378
944 ## - СЪЗДАВАНЕ И РЕДАКЦИЯ на ЗАПИСА
Служител, извършил регистрацията/редакцията 30530
Статус, дата на статуса Минев Младен
Наличности
Код за отписване Код за изгубен артикул Източник на класификационната схема Код за повреда Код за отдаване Артикулен № Име на библиотеката - собственик Име на библиотеката, в която се намира в момента Статус (Текущо местоположение) Дата на вписване в системата Местоположение - отдел Цена в лева Инвентарен номер Систематично азбучна сигнатура Баркод Цена в евро Служебен тип на артикула
  Не е изгубен Universal Decimal Classification Не е повреден заемане за дома 678281 Регионална библиотека "Любен Каравелов" Русе Регионална библиотека "Любен Каравелов" Русе Заемна - подръчен фонд 2018-07-06 Заемна - подръчен фонд 11.18 120000821836 П 820(73)-31/Ш 51 120000821836 5.72 Книги
  Не е изгубен Universal Decimal Classification Не е повреден заемане за дома 721389 Регионална библиотека "Любен Каравелов" Русе Регионална библиотека "Любен Каравелов" Русе Заемна - подръчен фонд 2019-06-11 Заемна - подръчен фонд 7.45   П 820(73)-31/Ш 51 120000832286 3.81 Книги
Vip Innovations Ltd, Rousse, Bulgaria 2025